1668 1504 1279 1617 1237 1528 1415 1668 1690 1384 1900 1026 1784 1902 1571 1911 1618 1269 1602 1289 1920 1706 1598 1172 1151 1450 1068 1290 1001 1513 2000 1811 1839 1514 1968 1278 1621 1221 1357 1505 1950 1559 1433 1871 1040 1007 1807 1657 1899 1084 1975 1753 1347 1815 1368 1213 1275 1336 1620 1142 1592 1700 1968 1043 1529 1732 1491 1100 1459 1543 1234 1144 1528 1217 1689 1808 1510 1679 1866 1344 1851 1899 1561 1181 1913 1847 1480 1656 1473 1155 1234 1442 1472 1221 1844 1732 1642 1036 1629 BCNSPRNW ULIB Ver.6.0+V

เปลี่ยนเป็นภาษาไทย

Change to English
 แสดงรายละเอียดบรรณานุกรม
  กลับหน้าหลัก

Brief Record : Get Marc (ISO 2709) : E-mail record : QR code < ปิดหน้าต่าง
LEADER : 00000nam 2200000uu 4500
001    13399111012
003     ULIB
008    110614s||||||||th 000 0 tha d
020    9789742986582
050  4 AC158^bช586ค 2548
245 00 ความรู้รอบตัวรอบรู้เรื่องเมืองไทย /^cฝ่ายวิชาการชมรมเด็ก,เรียบเรียง ; วิริยะ สิริสิงห, บรรณาธิการ
246 30 รอบรู้เรื่องเมืองไทย
250    พิมพ์ครั้งที่ 1
260    กรุงเทพฯ :^bสุวีริยาสาส์น,^c2548
300    512 หน้า :^bภาพประกอบ ;^c26 ซม.
650  7 ความรู้ทั่วไป^vคำถามและคำตอบ
651  7 ไทย^xรวมเรื่อง
651  7 ไทย^xประวัติศาสตร์^xรวมเรื่อง
700 0  วิริยะ สิริสิงห,^eบรรณาธิการ
710 2  ฝ่ายวิชาการชมรมเด็ก
945    ^p300^l0^i017999
995    ทศพร
999 ^a ใช้งานได้ทุกระบบ
รายการนี้ยังไม่มีแท็ก
คุณยังไม่ได้ล็อกอิน คุณสามารถมีกิจกรรมร่วมกับเว็บไซต์ได้ แต่ต้องล็อกอินก่อน ::
  ล็อกอิน

รายการสื่อสารสนเทศ

ลำดับที่ ประเภท เลขเรียก/บาร์โค้ด สถานที่ สถานะ
- ไม่พบข้อมูล -

BibComment


ยังไม่เคยถูกคอมเมนท์

คอมเมนท์ทรัพยากรรายการนี้
  คอมเมนท์: ความรู้รอบตัวรอบร..


 Copyright 2026. Bcnsprnw @Library